=LDR 00000nam 2200000 4500 =001 INLIS000000000047933 =005 20160308133846.0 =006 =007 =008 =020 ##$$a 979-22-2521-8 =035 ##$$0010-031600000000046 =040 ##$$a ind =082 ##$$a 617.601 =090 ##$$a 617.601 =100 ##$$a Darmawan, drg. Lita =245 ##$$a Cara Cepat Membuat Gigi Sehat =250 ##$$a - =260 ##$$a Jakarta $b Gramedia $c 2007 =300 ##$$a 138 hlm $b 20 cm =850 ##$$a NBPDMAT =990 ##$$a 0001/BPAP-NTB/2016